| 000 | 00614cam a2200169 4500 | ||
|---|---|---|---|
| 008 | 141208n 000 0 eng u | ||
| 020 | _a9780805076165 | ||
| 035 | _a(Sirsi) a186657 | ||
| 050 |
_aPS591.H58 _bRED 2005 |
||
| 245 |
_aRed hot salsa: _bbilingual poems on being young and latino in the United States / _cedited by Lori Marie Carlson; introduction by Oscar Hijuelos |
||
| 260 |
_aNew York: _bHenry Holt _c2005. |
||
| 300 | _axiv, 140p. | ||
| 650 | _aAmerican poetry -- Hispanic American authors | ||
| 650 | _aHispanic American -- Poetry | ||
| 700 | _aCarlson, Lori M. | ||
| 700 | _aHijuelos, Oscar | ||
| 999 |
_c121210 _d121210 |
||